000 00523nam a2200205Ia 4500
005 20260429112215.0
008 260429s9999||||xx |||||||||||||| ||und||
020 _a9788119684052
041 _aEnglish
082 _a572
_bHUS
100 _aHusain, Arbab
245 0 _aBiochemistry of metabolic process /
_cArbab Husain
250 _a1st ed.
260 _aJaipur :
_bBook Enclave,
_c2025.
300 _ax, 260 p.; hb
650 _aBiochemistry
700 _a Kant, Ravi
700 _a Khanam, Afreen
942 _cTB
999 _c52893
_d52893